<?xml version='1.0' encoding='UTF-8'?>
  <record xmlns="http://www.loc.gov/MARC21/slim">
    <leader>00000cam a22000007i 4500</leader>
    <controlfield tag="001">ocn150454740</controlfield>
    <controlfield tag="003">OCoLC</controlfield>
    <controlfield tag="005">20250914005848.7</controlfield>
    <controlfield tag="008">070225s1497    it a          000 0 lat d</controlfield>
    <datafield tag="040" ind1=" " ind2=" ">
      <subfield code="a">NLGGC</subfield>
      <subfield code="b">eng</subfield>
      <subfield code="e">rda</subfield>
      <subfield code="e">dcrmr</subfield>
      <subfield code="c">NLGGC</subfield>
      <subfield code="d">OCLCQ</subfield>
      <subfield code="d">OCLCL</subfield>
      <subfield code="d">OCLCQ</subfield>
      <subfield code="d">QGJ</subfield>
      <subfield code="d">OCLCO</subfield>
      <subfield code="d">QGJ</subfield>
      <subfield code="d">OCLCO</subfield>
      <subfield code="d">QGJ</subfield>
      <subfield code="d">OCLCL</subfield>
      <subfield code="d">QGJ</subfield>
      <subfield code="d">OCLCO</subfield>
    </datafield>
    <datafield tag="029" ind1="0" ind2=" ">
      <subfield code="a">NLGGC</subfield>
      <subfield code="b">30035066X</subfield>
    </datafield>
    <datafield tag="035" ind1=" " ind2=" ">
      <subfield code="a">(OCoLC)150454740</subfield>
    </datafield>
    <datafield tag="082" ind1="0" ind2="4">
      <subfield code="a">937/.05</subfield>
      <subfield code="q">OCoLC</subfield>
      <subfield code="2">22/eng/20230216</subfield>
      <subfield code="1">https://id.oclc.org/worldcat/ddc/E3dgQbv6xbDbRXj4jcpmgbFyH8</subfield>
    </datafield>
    <datafield tag="100" ind1="0" ind2=" ">
      <subfield code="a">Sallust,</subfield>
      <subfield code="d">86 B.C.-34 B.C.,</subfield>
      <subfield code="e">author.</subfield>
      <subfield code="4">aut</subfield>
      <subfield code="1">https://id.oclc.org/worldcat/entity/E39PCjy4mpbyQybTGcTKJ937tq</subfield>
    </datafield>
    <datafield tag="240" ind1="1" ind2=" ">
      <subfield code="a">Works.</subfield>
      <subfield code="l">Latin</subfield>
      <subfield code="s">(De Pensis)</subfield>
    </datafield>
    <datafield tag="245" ind1="1" ind2="0">
      <subfield code="a">Hoc in uolumine haec continentur: Pomponii Epistola ad Augustinum Mapheum.</subfield>
      <subfield code="b">C. Crispi Salustii bellum catilinarium cum commento Laurentii uallensis. Portii Latronis Declamatio contra L. Catilinam. C. Crispi Salustii bellum Iugurthinum cum commentariis preclarissimi fratris Ioa[n]nis chrysostomi Soldi Brixiani. C. Crispi Salustii uariae rationes ex libris eiusdem historiarum exceptae. C. Crispi Salustii uita. /</subfield>
      <subfield code="c">Romae per Pomponium emendata: Brixiaeq[ue] per Ioannem Britannicum diligentissime reuisa.</subfield>
    </datafield>
    <datafield tag="246" ind1="1" ind2=" ">
      <subfield code="i">Title according to ISTC and GW:</subfield>
      <subfield code="a">Opera</subfield>
    </datafield>
    <datafield tag="246" ind1="1" ind2=" ">
      <subfield code="i">Titles and statements of responsibility according to IDL</subfield>
      <subfield code="a">De conjuratione Catilinae. Comm. Laurentius Valla. De bello Jugurthino. Comm. Johannes Chrysostomus Soldus.  Ed. Pomponius Laetus and Johannes Brittanicus.</subfield>
    </datafield>
    <datafield tag="264" ind1=" " ind2="1">
      <subfield code="a">[Venice] :</subfield>
      <subfield code="b">[Christophorus de Pensis],</subfield>
      <subfield code="c">[after 14 November 1495]</subfield>
    </datafield>
    <datafield tag="300" ind1=" " ind2=" ">
      <subfield code="a">[110] leaves :</subfield>
      <subfield code="b">woodcut illustration ;</subfield>
      <subfield code="c">32 cm (folio)</subfield>
    </datafield>
    <datafield tag="336" ind1=" " ind2=" ">
      <subfield code="a">text</subfield>
      <subfield code="b">txt</subfield>
      <subfield code="2">rdacontent</subfield>
    </datafield>
    <datafield tag="337" ind1=" " ind2=" ">
      <subfield code="a">unmediated</subfield>
      <subfield code="b">n</subfield>
      <subfield code="2">rdamedia</subfield>
    </datafield>
    <datafield tag="338" ind1=" " ind2=" ">
      <subfield code="a">volume</subfield>
      <subfield code="b">nc</subfield>
      <subfield code="2">rdacarrier</subfield>
    </datafield>
    <datafield tag="340" ind1=" " ind2=" ">
      <subfield code="m">folio</subfield>
      <subfield code="2">rdabf</subfield>
    </datafield>
    <datafield tag="500" ind1=" " ind2=" ">
      <subfield code="a">Title from title page.</subfield>
    </datafield>
    <datafield tag="500" ind1=" " ind2=" ">
      <subfield code="a">On title page woodcut illustration showing Sallust, Lorenzo Valla, Giovanni Brittanico, and two other persons.</subfield>
    </datafield>
    <datafield tag="500" ind1=" " ind2=" ">
      <subfield code="a">Publication statement from ISTC. Dating according to IDL: between approximately 1494 and 1500.</subfield>
    </datafield>
    <datafield tag="500" ind1=" " ind2=" ">
      <subfield code="a">"Declamatio contra L. Catilinam" erroneously attributed to Marcus Porcius Latro.</subfield>
    </datafield>
    <datafield tag="500" ind1=" " ind2=" ">
      <subfield code="a">First line letter Giulio Pomponio Leto (leaf a1 verso): Augustino Mafeo rerum Ro. thesauro Pomponius Laetus.</subfield>
    </datafield>
    <datafield tag="500" ind1=" " ind2=" ">
      <subfield code="a">Leaf a2 recto: first line commentary by Lorenzo Valla: Laurentij Vallensis in. C. Crispi Sallustij Catilinarium commentarij.; first line text by Sallust: C. Crispi Salustij lib. de coniuratione. L. Ser. Catalinae.</subfield>
    </datafield>
    <datafield tag="500" ind1=" " ind2=" ">
      <subfield code="a">Text surrounded by commentary.</subfield>
    </datafield>
    <datafield tag="500" ind1=" " ind2=" ">
      <subfield code="a">Printed, woodcut marginalia. Capital spaces with guide letters.</subfield>
    </datafield>
    <datafield tag="500" ind1=" " ind2=" ">
      <subfield code="a">Signatures: a-d⁶ e⁴ f-s⁶ t⁴; t4 verso is blank; e1 signed e2.</subfield>
    </datafield>
    <datafield tag="500" ind1=" " ind2=" ">
      <subfield code="a">This record describes ISTC is00082300. Leaf a2 recto reads: CON//IVRATIONE and guide letter o. There also exists an other edition (ISTC is00084000) that reads: CON//VRATIONE (without I) and instead of a guide letter a woodcut initial O with pelican.</subfield>
    </datafield>
    <datafield tag="505" ind1="0" ind2="0">
      <subfield code="t">Coniuratio Catilinae --</subfield>
      <subfield code="t">De bello iugurtinum --</subfield>
      <subfield code="t">Portii Latronis Declamatio contra Lucium Seruium Catlinam --</subfield>
      <subfield code="t">[Orationes et epistulae excerptae de Historiis] --</subfield>
      <subfield code="t">Ad Caesarem senem de republica --</subfield>
      <subfield code="t">C. Crispi Salustij vita --</subfield>
      <subfield code="t">Inuectiua c. Salustij in Ciceronem -- M[arci] T[ullij] C[iceronis] Responsio contra C. Salustium</subfield>
    </datafield>
    <datafield tag="510" ind1="4" ind2=" ">
      <subfield code="a">Hain, L. Repertorium bibliographicum,</subfield>
      <subfield code="c">144229</subfield>
    </datafield>
    <datafield tag="510" ind1="4" ind2=" ">
      <subfield code="a">Incunabula short title catalogue,</subfield>
      <subfield code="c">is00082300</subfield>
      <subfield code="u">https://data.cerl.org/istc/is00082300</subfield>
    </datafield>
    <datafield tag="510" ind1="4" ind2=" ">
      <subfield code="a">Gesamtkatalog der Wiegendrucke,</subfield>
      <subfield code="c">M39602</subfield>
      <subfield code="u">https://www.gesamtkatalogderwiegendrucke.de/docs/M39602.htm</subfield>
    </datafield>
    <datafield tag="510" ind1="4" ind2=" ">
      <subfield code="a">Incunabula in Dutch libraries,</subfield>
      <subfield code="c">3995</subfield>
    </datafield>
    <datafield tag="510" ind1="4" ind2=" ">
      <subfield code="a">Bayerische Staatsbibliothek Inkunabelkatalog,</subfield>
      <subfield code="c">S-49</subfield>
      <subfield code="u">https://inkunabeln.digitale-sammlungen.de/Ausgabe_S-49.html</subfield>
    </datafield>
    <datafield tag="650" ind1=" " ind2="0">
      <subfield code="a">Jugurthine War, 111-105 B.C.</subfield>
      <subfield code="v">Early works to 1800.</subfield>
    </datafield>
    <datafield tag="651" ind1=" " ind2="0">
      <subfield code="a">Rome</subfield>
      <subfield code="x">History</subfield>
      <subfield code="y">Republic, 265-30 B.C.</subfield>
    </datafield>
    <datafield tag="651" ind1=" " ind2="0">
      <subfield code="a">Rome</subfield>
      <subfield code="x">History</subfield>
      <subfield code="y">Conspiracy of Catiline, 65-62 B.C.</subfield>
      <subfield code="v">Early works to 1800.</subfield>
    </datafield>
    <datafield tag="650" ind1=" " ind2="6">
      <subfield code="a">Guerre de Jugurtha, 111-105 av. J.-C.</subfield>
      <subfield code="v">Ouvrages avant 1800.</subfield>
    </datafield>
    <datafield tag="651" ind1=" " ind2="6">
      <subfield code="a">Rome</subfield>
      <subfield code="x">Histoire</subfield>
      <subfield code="y">265-30 av. J.-C. (République)</subfield>
    </datafield>
    <datafield tag="651" ind1=" " ind2="6">
      <subfield code="a">Rome</subfield>
      <subfield code="x">Histoire</subfield>
      <subfield code="y">65-62 av. J.-C. (Conjuration de Catilina)</subfield>
      <subfield code="v">Ouvrages avant 1800.</subfield>
    </datafield>
    <datafield tag="651" ind1=" " ind2="7">
      <subfield code="a">Rome (Empire)</subfield>
      <subfield code="2">fast</subfield>
    </datafield>
    <datafield tag="647" ind1=" " ind2="7">
      <subfield code="a">Conspiracy of Catiline</subfield>
      <subfield code="c">(Rome :</subfield>
      <subfield code="d">65-62 B.C.)</subfield>
      <subfield code="2">fast</subfield>
      <subfield code="1">https://id.oclc.org/worldcat/entity/E39Qhp4vB9k89GjkfwWf9jyKfy</subfield>
    </datafield>
    <datafield tag="647" ind1=" " ind2="7">
      <subfield code="a">Jugurthine War</subfield>
      <subfield code="d">(111-105 B.C.)</subfield>
      <subfield code="2">fast</subfield>
      <subfield code="1">https://id.oclc.org/worldcat/entity/E39Qhp4vB9fKFgtVYfMjpR9YwK</subfield>
    </datafield>
    <datafield tag="648" ind1=" " ind2="7">
      <subfield code="a">265-30 B.C</subfield>
      <subfield code="2">fast</subfield>
    </datafield>
    <datafield tag="655" ind1=" " ind2="2">
      <subfield code="a">Incunabula</subfield>
    </datafield>
    <datafield tag="655" ind1=" " ind2="7">
      <subfield code="a">incunabula (books)</subfield>
      <subfield code="2">aat</subfield>
    </datafield>
    <datafield tag="655" ind1=" " ind2="7">
      <subfield code="a">Early works</subfield>
      <subfield code="2">fast</subfield>
    </datafield>
    <datafield tag="655" ind1=" " ind2="7">
      <subfield code="a">History</subfield>
      <subfield code="2">fast</subfield>
    </datafield>
    <datafield tag="655" ind1=" " ind2="7">
      <subfield code="a">Incunables.</subfield>
      <subfield code="2">rvmgf</subfield>
    </datafield>
    <datafield tag="700" ind1="1" ind2=" ">
      <subfield code="a">Valla, Lorenzo,</subfield>
      <subfield code="d">1407-1457,</subfield>
      <subfield code="e">commentator for written text.</subfield>
      <subfield code="4">cmt</subfield>
      <subfield code="1">https://id.oclc.org/worldcat/entity/E39PBJhmQvPGmyrCJrjWFwD6rq</subfield>
    </datafield>
    <datafield tag="700" ind1="1" ind2=" ">
      <subfield code="a">Soldi, Giangrisostomo,</subfield>
      <subfield code="e">commentator for written text.</subfield>
      <subfield code="4">cmt</subfield>
      <subfield code="1">https://id.oclc.org/worldcat/entity/E39PCjrwqgjxh9fxqWy8T7tfC3</subfield>
    </datafield>
    <datafield tag="700" ind1="1" ind2=" ">
      <subfield code="a">Leto, Giulio Pomponio,</subfield>
      <subfield code="d">1428-1497,</subfield>
      <subfield code="e">editor.</subfield>
      <subfield code="4">edt</subfield>
      <subfield code="1">https://id.oclc.org/worldcat/entity/E39PBJvMwQGKQVrPV3kttYtHYP</subfield>
    </datafield>
    <datafield tag="700" ind1="1" ind2=" ">
      <subfield code="a">Britannico, Giovanni,</subfield>
      <subfield code="d">active 15th century-16th century,</subfield>
      <subfield code="e">editor,</subfield>
      <subfield code="e">edt</subfield>
      <subfield code="1">https://id.oclc.org/worldcat/entity/E39PCjJbtCcdjV9CH7kpBkMhgX</subfield>
    </datafield>
    <datafield tag="700" ind1="1" ind2=" ">
      <subfield code="a">Latro, Marcus Porcius,</subfield>
      <subfield code="d">57 B.C.-4 B.C.,</subfield>
      <subfield code="e">attributed name.</subfield>
      <subfield code="4">att</subfield>
      <subfield code="1">https://id.oclc.org/worldcat/entity/E39PBJxCvMWqmYDw3vxKMPGT73</subfield>
    </datafield>
    <datafield tag="700" ind1="1" ind2=" ">
      <subfield code="a">Maffei, Agostino,</subfield>
      <subfield code="d">1431-approximately 1496,</subfield>
      <subfield code="e">addressee.</subfield>
      <subfield code="4">rcp</subfield>
      <subfield code="1">https://id.oclc.org/worldcat/entity/E39PCjKWbhVCf6qk4GW9RCtfHK</subfield>
    </datafield>
    <datafield tag="700" ind1="1" ind2=" ">
      <subfield code="a">Pensis, Christophorus de,</subfield>
      <subfield code="d">active 1487-1503,</subfield>
      <subfield code="e">printer.</subfield>
      <subfield code="4">prt</subfield>
      <subfield code="1">https://id.oclc.org/worldcat/entity/E39PCjJydWdFW9hBjDvfdch9ym</subfield>
    </datafield>
    <datafield tag="730" ind1="0" ind2="2">
      <subfield code="i">Container of (work):</subfield>
      <subfield code="a">Declamatio in L. Sergium Catilinam (Pseudo-Marcus Porcius Latro)</subfield>
    </datafield>
    <datafield tag="752" ind1=" " ind2=" ">
      <subfield code="a">Italy</subfield>
      <subfield code="d">Venice,</subfield>
      <subfield code="e">publication place.</subfield>
      <subfield code="4">pup</subfield>
    </datafield>
  </record>